Detalles MARC
| 000 -LÍDER |
| Campo fijo de descripción fija |
01939cam a2200361 i 4500 |
| 001 - NÚMERO DE CONTROL |
| Campo de control |
768714001 |
| 003 - IDENTIFICADOR DEL NÚMERO DE CONTROL |
| Campo de control |
CO-MdFUSB |
| 005 - FECHA Y HORA DE LA ULTIMA TRANSACCIÓN |
| control field |
20210527155040.0 |
| 007 - CAMPO FIJO DE DESCRIPCIÓN FIJA--INFORMACIÓN GENERAL |
| Campo fijo de descripción fija |
ta |
| 008 - ELEMENTOS DE LONGITUD FIJA -- INFORMACIÓN GENERAL |
| Campo fijo de descripción fija -- Información general |
720324t1964 nyu b 001 0 eng d |
| 010 ## - NÚMERO DE CONTROL DE LA BIBLIOTECA DEL CONGRESO |
| Número de control LC |
64020200 |
| 020 ## - NÚMERO INTERNACIONAL NORMALIZADO PARA LIBROS |
| Número Internacional Normalizado del libro |
[No incluye ISBN] |
| 040 ## - FUENTE DE CATALOGACIÓN |
| Agencia de catalogación original |
WSU |
| Idioma de catalogación |
eng |
| Agencia que realiza la transcripción |
CO-MdFUSB |
| Agencia que realiza la modificación |
PGC |
| -- |
CO-MdFUSB |
| -- |
GHS |
| -- |
OCLCQ |
| -- |
MUQ |
| -- |
OCLCQ |
| -- |
DRB |
| -- |
OCLCG |
| -- |
HNW |
| -- |
OCLCQ |
| -- |
OCLCF |
| -- |
OCLCQ |
| -- |
OCL |
| -- |
OCLCO |
| -- |
OCL |
| -- |
SNN |
| -- |
OCLCQ |
| -- |
NYHOF |
| -- |
OCLCQ |
| Convenciones de la descripción |
rda |
| 041 ## - CÓDIGO DE IDIOMA |
| Código de idioma para texto/pista de sonido o título separado |
eng |
| 082 ## - NÚMERO DE CLASIFICACIÓN DECIMAL DEWEY |
| Número de la edición del Dewey |
23 |
| Número de clasificación |
270.6 |
| Clave de autor-Numero de item |
P384 |
| 100 1# - ASIENTO PRINCIPAL--NOMBRE PERSONAL |
| Nombre personal |
Pelikan, Jaroslav, |
| Fechas asociadas con el nombre |
1923-2006. |
| Término relacionador |
autor |
| 245 10 - TÍTULO |
| Título del Material |
Obedient rebels : |
| Parte restante del título - Subtitulo |
catholic substance and protestant principle in Luther's Reformation |
| Mención de responsabilidad, etc. |
/ Jaroslav Pelikan. |
| 250 ## - MENCIÓN DE EDICIÓN |
| Mención de edición |
primera edición |
| 264 #1 - PRODUCCIÓN, PUBLICACIÓN, DISTRIBUCIÓN, MANUFACTURA, Y COPYRIGHT |
| Lugar de producción, publicación, distribución, manufactura |
New York : |
| Nombre del productor, publicador, distribuidor |
Harper and Row, |
| Fecha de producción, publicación, distribución, manufactura, o copyright |
[1964] |
| 264 #4 - PRODUCCIÓN, PUBLICACIÓN, DISTRIBUCIÓN, MANUFACTURA, Y COPYRIGHT |
| Fecha de producción, publicación, distribución, manufactura, o copyright |
© 1964 |
| 300 ## - DESCRIPCIÓN FÍSICA |
| Extensión |
212 páginas ; |
| Dimensiones |
24 cm. |
| 336 ## - TIPO DE CONTENIDO |
| Término de tipo de contenido |
texto |
| Código de tipo de contenido |
txt |
| Fuente |
rdacontent. |
| 337 ## - TIPO DE MEDIO |
| Nombre del tipo de medio |
sin mediación |
| Código del tipo de medio |
n |
| Fuente |
rdamedia. |
| 338 ## - TIPO DE SOPORTE |
| Nombre del tipo de soporte |
volumen |
| Código Tipo de soporte |
nc |
| Fuente |
rdacarrier. |
| 504 ## - NOTA DE BIBLIOGRAFÍA, ETC. |
| Nota de bibliografía, etc |
Incluye referencias bibliográficas e indice. |
| 505 ## - NOTA DE CONTENIDO |
| Nota de contenido con formato preestablecido |
La paradoja de la Reforma de Lutero - pt. 1. Reverencia crítica hacia la tradición. Iglesia e historia de la iglesia - El significado de la tradición - La autoridad de los consejos de la iglesia - La preservación de la sustancia litúrgica católica - El principio protestante en la adoración - pt. 2. Unidad a pesar de la separación. Padres y reformadores - Negociaciones hacia la unidad - El reformador irénico - Un consenso de reforma - pt. 3. Sustancia católica y principio protestante hoy. Catolicismo evangélico y catolicismo contemporáneo - Sustancia católica en el protestantismo contemporáneo - El contexto católico de la teología protestante - Catolicismo evangélico y sus tareas teológicas. |
| 563 ## - NOTA DE ENCUADERNACIÓN |
| Nota de encuadernación |
Rústico |
| 600 17 - ASIENTO SECUNDARIO DE MATERIA - NOMBRE PERSONAL |
| Nombre personal |
Luther, Martin |
| Fechas asociadas con el nombre |
(1483-1546) |
| 650 #0 - ASIENTO SECUNDARIO DE MATERIA - TERMINO TEMÁTICO |
| 9 (RLIN) |
285 |
| Término temático o nombre geográfico como elemento de entrada |
Historia de la Iglesia |
| Subdivisión geográfica |
(Edad Media), ca. 600-1500 |
| 942 ## - TIPO DE MATERIAL (KOHA) |
| Tipo de Item KOHA |
Libros General |
| 945 ## - INFORMACIÓN LOCAL DEL REGISTRO |
| Catalogador |
JTF-925 |